000 00600nam a2200169 4500
001 139409
003 ES-MaACL
005 20230906195810.0
007 t|
008 070214n19101919sp r ||||1| spa d
100 1 _aSassone, Felipe.
_9103913
245 1 3 _aLa princesa está triste
_b: comedia en tres actos y en prosa ; Lo que se llevan las horas : comedia en tres actos /
_cFelipe Sassone.
260 _aMadrid :
_b[s.n.],
_c[191_?] (
_fViuda e Hijos de Sanz Calleja)
300 _a352 p. ;
_c19 cm.
740 0 _aLo que se llevan las horas : comedia en tres actos.
852 _aES-MaACL
_jF-6960
999 _c139409
_d139409